| 000 | 01485nam a2200361 i 4500 | ||
|---|---|---|---|
| 003 | EG-GICUC | ||
| 005 | 20260314095126.0 | ||
| 008 | 260129s1998 au ||||fr|||| 000 0 ara d | ||
| 017 | _a1998/3866 | ||
| 020 | _a977202256 | ||
| 040 |
_a EG-GICUC _c EG-GICUC _d EG-GICUC _erda _bara |
||
| 041 | 0 | _aara | |
| 082 | 0 | 4 |
_221 _a343.9 _bع ب . د |
| 092 | 0 | 4 | _221 |
| 099 | _aLaw1 10 343.9 ع ب . د 1998 | ||
| 100 | 0 |
_aعبد الرحيم صدقي _eمؤلف. |
|
| 245 | 1 | 0 |
_aدور الفلسفة والسياسة الجنائية في تطوير القانون الجنائي : _bالقانون الجنائى ودراسات فلسفية وسياسية جنائية متعمقة / _cتأليف دكتور عبد الرحيم صدقي. |
| 250 | _bطبعة مزيدة ومنقحة | ||
| 264 | 1 |
_a[غير محدد] : _b[غيرمحدد], _c1998. |
|
| 300 |
_a406 ؛صفحة _c24 سم. |
||
| 336 |
_2rda content _atext |
||
| 337 |
_2rda media _aComputer |
||
| 338 |
_2rda carrier _aOnline Resource |
||
| 490 |
_aموسوعة صدقى فى القانون الجنائى؛ _vالمجلد الخامس عشر |
||
| 504 | _a ببليوجرافيا : صفحات401. | ||
| 546 | _aالنص باللغة العربية | ||
| 650 | 1 |
_aموضوعات أخرى فى العلوم الجنائية _2qrmak |
|
| 650 | 1 |
_aالقانون الجنائى _zqrmak |
|
| 651 | 1 | _2qrmak | |
| 856 | 4 | 0 | _uhttps://fll.law.cu.edu.eg/fulltext/bks/B10-8748.pdf |
| 905 | _a54 | ||
| 942 |
_2ddc _cBK _e21 _n0 |
||
| 999 |
_c60084 _d60084 |
||